000 00732nam a2200217Ia 4500
003 GCL
008 140319s9999 xx 000 0 ara d
040 _aGCL /
_cGCL
082 0 4 _a214
_bم ع
100 1 _aمحمد سعيد العشماوى
245 1 0 _aالعقل فى الاسلام /
_cمحمد سعيد العشماوى
250 _aالثانية
260 _aبيروت :
_bمؤسسة الانتشار العربى ،
_c2004
300 _a141 ص ؛
_c24 سم
650 0 4 _aالثقافة الاسلامية
650 0 4 _aالاسلام والفلسفة
650 0 4 _aالاسلام والاصلاح الدينى
650 0 4 _aالحديث - مصطلح
650 0 4 _aالقران - تفاسير
942 _2ddc
_cBK
999 _c8064
_d8064